[Event "Araraqua tt"]
[Site "Araraqua"]
[Date "1999.??.??"]
[Round "1"]
[White "De Souza, Mauro Guimaraes"]
[Black "Rodrigues, Adriano Pfuhl"]
[Result "1/2-1/2"]
[WhiteElo "2363"]
[BlackElo "2300"]
[PlyCount "50"]
[EventDate "1999.??.??"]
[Source "www.chesslib.no"]
[SourceDate "2004.05.04"]

1. d4 e6 2. c4 Nf6 3. Nc3 Bb4 4. e3 O-O 5. Nge2 d5 6. a3 Bd6 7. c5 Be7 8. b4 c6 9. Ng3 b6 10. Bb2 bxc5 11. bxc5 e5 12. Bd3 e4 13. Be2 Qa5 14. Qd2 Qc7 15. O-O Re8 16. f3 exf3 17. Rxf3 Be6 18. Raf1 Nbd7 19. Bd3 Rab8 20. Nce2 Bf8 21. Bc3 Qb7 22. Bc2 Qa6 23. Nf5 g6 24. Nfg3 Bg7 25. h3 Ne4 1/2-1/2

[Event "Veszprem Open"]
[Site "Veszprem op"]
[Date "1995.??.??"]
[Round "2"]
[White "Szelenyi, Norbert"]
[Black "Zemerov, Vladimir"]
[Result "1/2-1/2"]
[WhiteElo "2230"]
[BlackElo "2430"]
[PlyCount "72"]
[EventDate "1995.??.??"]
[Source "www.chesslib.no"]
[SourceDate "2004.05.04"]

1. d4 d5 2. c4 e6 3. Nc3 Bb4 4. e3 Nf6 5. Nge2 O-O 6. a3 Be7 7. cxd5 exd5 8. Nf4 a5 9. Bd3 c6 10. O-O Bd6 11. f3 Bxf4 12. exf4 Re8 13. f5 b6 14. Bg5 Ba6 15. Bxa6 Nxa6 16. Rc1 Rc8 17. Re1 Qd6 18. Qd2 Nb8 19. Bf4 Qd7 20. g4 Qb7 21. Qf2 Nbd7 22. Qh4 h6 23. Bxh6 gxh6 24. Qxh6 Qb8 25. Kh1 Nh7 26. Rg1 Kh8 27. Rg3 Rg8 28. Rh3 Ndf8 29. Ne2 Qc7 30. Nf4 Qe7 31. Nxd5 Qd8 32. Nf6 Rg7 33. Nh5 Qxd4 34. Nxg7 Qxg7 35. Rxc6 Rxc6 36. Qxc6 Qe5 1/2-1/2

[Event "HUN-chT 9899"]
[Site "?"]
[Date "1999.??.??"]
[Round "?"]
[White "Vincze Istvan"]
[Black "Izsak Gyula"]
[Result "0-1"]
[WhiteElo "2240"]
[BlackElo "2415"]
[PlyCount "74"]
[EventDate "1999.??.??"]
[Source "www.chesslib.no"]
[SourceDate "2004.05.04"]

1. d4 e6 2. c4 Nf6 3. Nc3 Bb4 4. e3 O-O 5. Nge2 d5 6. cxd5 exd5 7. g3 c6 8. Bg2 Bf5 9. O-O Qd7 10. Re1 Na6 11. f3 h5 12. Nf4 Rad8 13. Nd3 Bd6 14. e4 dxe4 15. fxe4 Bg4 16. Qb3 Be6 17. d5 cxd5 18. exd5 Bf5 19. Nf2 h4 20. gxh4 Qc7 21. Nb5 Bxh2+ 22. Kf1 Qb8 23. Nd4 Bg6 24. Bg5 Nh5 25. Ng4 Nc5 26. Qh3 Bd3+ 27. Kf2 Bg3+ 28. Kg1 f6 29. Bd2 f5 30. Nf2 Bxf2+ 31. Kxf2 Be4 32. Kg1 Rxd5 33. Be3 Qd6 34. Rad1 Rf6 35. Nb5 Rxd1 36. Nxd6 Rxe1+ 37. Kf2 Nd3# 0-1

[Event "HUN Ch Open"]
[Site "Eger"]
[Date "1987.??.??"]
[Round "?"]
[White "Roepert, Andreas"]
[Black "Tischbierek, Raj"]
[Result "0-1"]
[WhiteElo "2210"]
[BlackElo "2435"]
[PlyCount "72"]
[EventDate "1987.07.??"]
[Source "www.chesslib.no"]
[SourceDate "2004.05.04"]

1. d4 Nf6 2. c4 e6 3. Nc3 Bb4 4. e3 O-O 5. Bd2 d5 6. a3 Bxc3 7. Bxc3 Ne4 8. Qc2 Nd7 9. Nf3 b6 10. Bd3 Bb7 11. cxd5 exd5 12. O-O Rc8 13. Rac1 c5 14. Qe2 Nxc3 15. Rxc3 c4 16. Bf5 Rc7 17. Nd2 Nf6 18. f3 a5 19. Qf2 b5 20. e4 b4 21. axb4 axb4 22. Re3 dxe4 23. fxe4 c3 24. bxc3 Rxc3 25. Rxc3 bxc3 26. e5 cxd2 27. exf6 Qxf6 28. Qxd2 Qd6 29. Bc2 Bd5 30. Re1 g6 31. Qf2 Rb8 32. Qe3 Qc6 33. Re2 Ra8 34. Qe5 Bxg2 35. Rxg2 Ra1+ 36. Kf2 Qxc2+ 0-1

[Event "Espoo We ESK Open"]
[Site "Espoo"]
[Date "1996.??.??"]
[Round "7"]
[White "Laine, Heikki"]
[Black "Veingold, Aleksandr"]
[Result "0-1"]
[WhiteElo "2220"]
[BlackElo "2425"]
[PlyCount "174"]
[EventDate "1996.??.??"]
[Source "www.chesslib.no"]
[SourceDate "2004.05.04"]

1. d4 Nf6 2. c4 e6 3. Nc3 Bb4 4. Bd2 O-O 5. e3 b6 6. Qf3 d5 7. Nge2 Bb7 8. Nf4 Nbd7 9. cxd5 Nxd5 10. Nfxd5 exd5 11. a3 Bxc3 12. Bxc3 Nf6 13. Bd3 Re8 14. O-O Ne4 15. Rac1 Re6 16. Be1 c5 17. dxc5 Nxc5 18. Bf5 Re5 19. Qf4 Qf6 20. g4 Ne6 21. Qg3 d4 22. Bd2 Rxf5 23. gxf5 Qxf5 24. f3 Qd3 25. Rcd1 dxe3 26. Bc3 Qf5 27. Rde1 Qc5 28. Qe5 Qxe5 29. Bxe5 Ba6 30. Rxe3 Bxf1 31. Kxf1 Re8 32. Bc3 f6 33. Re4 Kf7 34. Rc4 Re7 35. a4 Rc7 36. Rh4 Kg6 37. Rg4+ Kf5 38. Rb4 Rc5 39. Re4 h5 40. Kf2 Rd5 41. Rc4 Rc5 42. Re4 a6 43. Rb4 b5 44. axb5 axb5 45. Ke3 g5 46. Rb3 Nf4 47. Bd4 Rd5 48. Rb4 g4 49. fxg4+ hxg4 50. Bc3 Re5+ 51. Bxe5 Nd5+ 52. Kd4 Nxb4 53. Bd6 Nc2+ 54. Kc3 Ne3 55. Bc5 Ke4 56. Kb4 f5 57. Kxb5 f4 58. Bd6 f3 59. Bg3 Kd3 60. Kc5 Ke2 61. b4 Nf5 62. b5 Nxg3 63. b6 f2 64. b7 f1=Q 65. b8=Q Qf5+ 66. Kd4 Qd3+ 67. Ke5 Qf5+ 68. Kd4 Qe4+ 69. Kc5 Nf1 70. Qb5+ Kf2 71. Qb2+ Kg1 72. Qa1 Qf4 73. Kd5 Kxh2 74. Qh8+ Kg1 75. Qh4 Ne3+ 76. Kc6 Qf3+ 77. Kb5 g3 78. Kb6 Qf2 79. Ka6 g2 80. Qd4 Qe2+ 81. Ka7 Kf2 82. Qh4+ Kf1 83. Qh3 Ke1 84. Qg3+ Qf2 85. Qh3 g1=Q 86. Ka8 Qgg2+ 87. Qxg2 Qxg2+ 0-1

[Event "op Oberwart"]
[Site "?"]
[Date "2003.??.??"]
[Round "3.2"]
[White "Frick Guenter"]
[Black "Berkes Ferenc"]
[Result "0-1"]
[WhiteElo "2072"]
[BlackElo "2570"]
[PlyCount "44"]
[EventDate "2003.??.??"]
[Source "www.chesslib.no"]
[SourceDate "2004.05.04"]

1. d4 Nf6 2. c4 e6 3. Nc3 Bb4 4. Bd2 O-O 5. e3 c5 6. dxc5 Bxc5 7. Nf3 b6 8. a3 Bb7 9. Be2 Be7 10. O-O d6 11. Rc1 a6 12. Qb3 Nbd7 13. Na4 Qc7 14. Rfd1 Rac8 15. Bb4 Ne4 16. h3 b5 17. cxb5 Qxc1 18. Rxc1 Rxc1+ 19. Kh2 Bd5 20. Qd3 Nxf2 21. Qd4 Rh1+ 22. Kg3 Ne4+ 0-1

[Event "BL2-Ost 0001"]
[Site "Germany"]
[Date "2001.04.29"]
[Round "9.2"]
[White "Stettler, Michael"]
[Black "Schlamp, Robert"]
[Result "0-1"]
[WhiteElo "2320"]
[BlackElo "2317"]
[PlyCount "82"]
[EventDate "2000.10.15"]
[Source "ChessBase"]
[SourceDate "2001.07.03"]

1. d4 Nf6 2. c4 e6 3. Nc3 Bb4 4. Bd2 O-O 5. e3 b6 6. Nf3 Bb7 7. Bd3 d6 8. Qc2 Nbd7 9. a3 Bxc3 10. Bxc3 Qe7 11. e4 e5 12. O-O Rae8 13. Rfe1 Nh5 14. d5 g6 15. Bd2 Nc5 16. Bh6 Nxd3 17. Qxd3 Ng7 18. b4 Bc8 19. Rac1 f5 20. Nd2 Qh4 21. Bxg7 Kxg7 22. f3 g5 23. Qe3 g4 24. fxg4 f4 25. Qf2 Qxg4 26. c5 Kh8 27. cxd6 cxd6 28. Rc7 Rf6 29. Nf3 Rg8 30. Re2 Rh6 31. Rec2 Ba6 32. R2c3 Rhg6 33. Ne1 Qd1 34. Rc1 Rxg2+ 35. Qxg2 Rxg2+ 36. Kxg2 Qe2+ 37. Kh3 Qe3+ 38. Kg4 f3 39. Kf5 f2 40. Ng2 Qh3+ 41. Kf6 f1=R+ 0-1